LEADER 01032nam a2200253 i 4500 001 000000088711 003 CaOOAMICUS 005 20180830150035.0 008 180830s1994 xx u000 u und u 013 $a60952 020 $a88-7026-0378-1 040 $aSeMil$bita 100 1 $aSartori, Luigi .$0(OLS)http://semarc/name/3883 245 13$aLa "Lumen gentium". Traccia di studio. 260 $aPadova :$bMessaggero,$c1994. 300 $a203 p. 490 0 $aLa tunica inconsutile 650 4$aConcilio Vaticano II <1962-1965> - Costituzioni dogmatiche . Lumen Gentium.$0(OLS)http://semarc/subject/3016 830 3$aLa tunica inconsutile.$0(OLS)http://semarc/title/7654 850 $aSeMil 852 $aSeMil$W1$xVenegono$y1$m156 16 4 *$j51935$B51935$CSeMilBibl$Z2$F56311 $81 996 $6020$a88-7026-0378-1$9(OLS)http://semarc/number/68586 996 $6245$aLa "Lumen gentium". Traccia di studio$9(OLS)http://semarc/title/134562 996 $6260$aPadova :$bMessaggero$9(OLS)http://semarc/publisher/29786 LEADER 01046nam a2200265 i 4500 001 000000118656 003 CaOOAMICUS 005 20050121000000.0 008 050121s1998 it u000 u ita u 013 $a91349 020 $a88-7610-712-6 040 $aSeMil$bita 100 1 $aMerlatti, Graziella.$0(OLS)http://semarc/name/49524 245 10$aEtty Hillesum :$bun cuore pensante /$cGraziella Merlatti. 260 $aMilano :$bÀncora,$c1998. 300 $a149 p. ;$c21 cm. 490 0 $aTestimoni del nostro tempo 600 14$aHillesum, Etty <1914-1943>.$0(OLS)http://semarc/subject/18008 830 0$aTestimoni del nostro tempo.$0(OLS)http://semarc/title/6456 850 $aSeMil 852 $aSeMil$W1$xVenegono$y1$m2X III 21$j73950$B73950$CSeMilBibl$Z2$F92177 $81 961 $aLascito: Maggi mons. Francesco 996 $6020$a88-7610-712-6$9(OLS)http://semarc/number/103334 996 $6245$aEtty Hillesum :$bun cuore pensante$9(OLS)http://semarc/title/174330 996 $6260$aMilano :$bÀncora$9(OLS)http://semarc/publisher/29763